Music Quiz

Random Music or Musical Quiz

Musicals by Anagram Quiz Stats

 Plays Quiz not verified by Sporcle

Challenge
Share
Tweet
Embed
Score 0/10 Timer 08:00
0 Plays Today
Scrambled Unscrambled % Correct
Dick We (1 word)Wicked
84.6%
A Pert Pen (2 words)Peter Pan
51.9%
Qua Even (2 words)Avenue Q
50%
On My CPA (1 word)Company
37.5%
Dee Twisty Ross (3 words)West Side Story
28.8%
Chiefdom Snout Us (4 words)The Sound of Music
21.2%
Alice Rush On (3 words)A Chorus Line
14.4%
Yea Nugget No Ruin (4 words)Annie Get Your Gun
12.5%
Fry Lung In (2 words)Funny Girl
5.8%
A Jet Magma Heap (3 words)The Pajama Game
4.8%

You're not logged in!

Compare scores with friends on all Sporcle quizzes.
OR
Log In

You Might Also Like...

Show Comments

Extras

Created Apr 19, 2010ReportNominate
Tags:Musical Quiz, anagrams

Top Quizzes Today


Score Distribution

Your Account Isn't Verified!

In order to create a playlist on Sporcle, you need to verify the email address you used during registration. Go to your Sporcle Settings to finish the process.

Report this User

Report this user for behavior that violates our Community Guidelines.

Details: